01473nam a2200325 a 4500001001000000003000500010005001700015008004100032010001100073011001100084040000900095090001000104100004300114245016200157260004100319500006000360502011800420590004000538590004000578650006000618650004700678650004400725856007000769901000700839942001000846942000600856999001900862952013100881952013501012000113256CHAP20230315113052.0170525s2017 mx sm |||||||spa d a109717 a110689 cCHAP aTesis1 aRamírez Hernández, Rubén913234910aProducción de forraje de Lotus corniculatos L. en función de la intercepción luminosa y un corte fijoh[En línea]cpor Rubén Ramírez Hernández. aChapingo, Méx. :bEl autor,c2017. aPara ver el contenido del material haga clic en la liga aTesis (Ing. Agr. Esp. en Zootecnia ) -- UACH. Departamento de Enseñanza Investigación y Servicio en Zootecnia aE5765TAJb05c20170525lUCH01h1152 aE5765TAJb05c20170525lUCH01h115312aLotus corniculatusxFisiología y morfología913235014aLuzxEfecto en Lotus corniculatus.913235114aPlantas forrajerasxRendimiento.988981 aFinding aiduhttp://10.13.5.2/tesis/sist113256.pdfzTeclea aquí aBK cTESIS n0 c109717d109717 00104054718TESISaBCbBCd2017-05-25fTESISl0oTesisp113258-10r2019-12-31 00:00:00w2019-12-31yTESISzRecien adquirido 00102local4053708TESISaBCbBCcPA_TESISd2017-05-25fTESISl0oTesisp113258-20r2019-12-31 00:00:00tc.2w2019-12-31yTESIS